Contributions à la phonétique historique du roumain /

Bibliographic Details
Main Author: Sala, Marius
Format: Book
Language:French
Romanian
Published: Paris : Éditions Klincksieck, 1976.
Series:Bibliothèque française et romane. Manuels et études linguistiques ; 31.
Subjects:

MARC

Tag First Indicator Second Indicator Subfields
LEADER 00000cam a2200000 i 4500
001 in00003460607
005 20151206104946.0
008 770801s1976 fr b 00110 fre
010 |a  77467822  
015 |a F*** 
020 |a 2252018941 
040 |d UtOrBLW 
041 1 |a fre  |a rum 
082 0 |a 459/.1/5 
090 |a PC640  |b .S2414 
100 1 |a Sala, Marius. 
245 1 0 |a Contributions à la phonétique historique du roumain /  |c Marius Sala ; [traduction française de Ioana Vintilă-Rădulescu]. 
264 1 |a Paris :  |b Éditions Klincksieck,  |c 1976. 
300 |a 296 pages ;  |c 23 cm. 
336 |a text  |b txt  |2 rdacontent 
337 |a unmediated  |b n  |2 rdamedia 
338 |a volume  |b nc  |2 rdacarrier 
490 1 |a Bibliothèque française et romane. Série A, Manuels et études linguistiques ;  |v 31 
500 |a "Traduction amplement révisée de Contributii la fonetica istorică a limbii române." 
504 |a Bibliography: pages [8]-16. 
500 |a Includes indexes. 
650 0 |a Romanian language  |x Phonology. 
650 0 |a Romanian language  |x History. 
830 0 |a Bibliothèque française et romane.  |n Série A,  |p Manuels et études linguistiques ;  |v 31. 
999 |a MARS 
999 f f |s 4efd676b-6e33-343a-af14-09801bd836cd  |i 8c1f30f5-7f80-397e-b605-6aef6e0bac4d  |t 0 
952 f f |p ric  |a Texas A&M University  |b Rellis Campus  |c Joint Library Facility  |d Remote Storage  |t 0  |e PC640 .S2414  |h Library of Congress classification  |i unmediated -- volume  |m 32060005045444 
998 f f |a PC640 .S2414  |t 0  |l Remote Storage